<?xml version="1.0" encoding="UTF-8"?>
<record
    xmlns:xsi="http://www.w3.org/2001/XMLSchema-instance"
    xsi:schemaLocation="http://www.loc.gov/MARC21/slim http://www.loc.gov/standards/marcxml/schema/MARC21slim.xsd"
    xmlns="http://www.loc.gov/MARC21/slim">

  <leader>01551nam2a2200241   4500</leader>
  <controlfield tag="001">RU\NLR\BIBL_A\016227822</controlfield>
  <controlfield tag="005">20250625002202.0</controlfield>
  <datafield tag="035" ind1=" " ind2=" ">
    <subfield code="a">(NLR Aleph) 016227822</subfield>
  </datafield>
  <datafield tag="090" ind1=" " ind2=" ">
    <subfield code="a">12758094</subfield>
    <subfield code="c">12758094</subfield>
  </datafield>
  <datafield tag="100" ind1=" " ind2=" ">
    <subfield code="a">20221205d2022    |||y0rusy50      ca</subfield>
  </datafield>
  <datafield tag="101" ind1="0" ind2=" ">
    <subfield code="a">rus</subfield>
  </datafield>
  <datafield tag="102" ind1=" " ind2=" ">
    <subfield code="a">RU</subfield>
  </datafield>
  <datafield tag="200" ind1="1" ind2=" ">
    <subfield code="a">&#x42D;&#x441;&#x43C;&#x438;&#x43D;&#x446;&#x44B; &#x442;&#x438;&#x43F;&#x43E;&#x432; "&#x421;&#x435;&#x43B;&#x43B;&#x430;", "&#x421;&#x430;&#x443;&#x440;&#x43E;" &#x438; "&#x422;&#x443;&#x440;&#x431;&#x438;&#x43D;&#x435;"</subfield>
    <subfield code="f">&#x421;&#x435;&#x440;&#x433;&#x435;&#x439; &#x41F;&#x430;&#x442;&#x44F;&#x43D;&#x438;&#x43D;</subfield>
  </datafield>
  <datafield tag="210" ind1=" " ind2=" ">
    <subfield code="d">2022</subfield>
    <subfield code="a">&#x411;. &#x43C;.</subfield>
  </datafield>
  <datafield tag="461" ind1=" " ind2="0">
    <subfield code="1">001RU\NLR\INFOCOMM\1000090925</subfield>
    <subfield code="1">2001#$a&#x41C;&#x43E;&#x440;&#x441;&#x43A;&#x430;&#x44F; &#x43A;&#x43E;&#x43B;&#x43B;&#x435;&#x43A;&#x446;&#x438;&#x44F;$e&#x421;&#x43F;&#x440;&#x430;&#x432;. &#x43F;&#x43E; &#x43A;&#x43E;&#x440;&#x430;&#x431;. &#x441;&#x43E;&#x441;&#x442;&#x430;&#x432;&#x443;$e&#x41F;&#x440;&#x438;&#x43B;. &#x43A; &#x436;&#x443;&#x440;&#x43D;. "&#x41C;&#x43E;&#x434;&#x435;&#x43B;&#x438;&#x441;&#x442;-&#x43A;&#x43E;&#x43D;&#x441;&#x442;&#x440;&#x443;&#x43A;&#x442;&#x43E;&#x440;"$f&#x423;&#x447;&#x440;&#x435;&#x434;&#x438;&#x442;&#x435;&#x43B;&#x44C;: "&#x420;&#x435;&#x434;. &#x436;&#x443;&#x440;&#x43D;. "&#x41C;&#x43E;&#x434;&#x435;&#x43B;&#x438;&#x441;&#x442;-&#x43A;&#x43E;&#x43D;&#x441;&#x442;&#x440;&#x443;&#x43A;&#x442;&#x43E;&#x440;" &#x432; &#x444;&#x43E;&#x440;&#x43C;&#x435; &#x410;&#x41E;&#x417;&#x422;"$v2022, &#x2116; 5 (271)</subfield>
    <subfield code="9">3245256</subfield>
    <subfield code="c">&#x41C;.</subfield>
    <subfield code="d">1995-</subfield>
    <subfield code="f">&#x423;&#x447;&#x440;&#x435;&#x434;&#x438;&#x442;&#x435;&#x43B;&#x44C;: "&#x420;&#x435;&#x434;. &#x436;&#x443;&#x440;&#x43D;. "&#x41C;&#x43E;&#x434;&#x435;&#x43B;&#x438;&#x441;&#x442;-&#x43A;&#x43E;&#x43D;&#x441;&#x442;&#x440;&#x443;&#x43A;&#x442;&#x43E;&#x440;" &#x432; &#x444;&#x43E;&#x440;&#x43C;&#x435; &#x410;&#x41E;&#x417;&#x422;"</subfield>
    <subfield code="n">&#x420;&#x435;&#x434;. &#x436;&#x443;&#x440;&#x43D;. "&#x41C;&#x43E;&#x434;&#x435;&#x43B;&#x438;&#x441;&#x442;-&#x43A;&#x43E;&#x43D;&#x441;&#x442;&#x440;&#x443;&#x43A;&#x442;&#x43E;&#x440;" &#x432; &#x444;&#x43E;&#x440;&#x43C;&#x435; &#x410;&#x41E;&#x417;&#x422;</subfield>
    <subfield code="o">&#x421;&#x43F;&#x440;&#x430;&#x432;. &#x43F;&#x43E; &#x43A;&#x43E;&#x440;&#x430;&#x431;. &#x441;&#x43E;&#x441;&#x442;&#x430;&#x432;&#x443; : &#x41F;&#x440;&#x438;&#x43B;. &#x43A; &#x436;&#x443;&#x440;&#x43D;. "&#x41C;&#x43E;&#x434;&#x435;&#x43B;&#x438;&#x441;&#x442;-&#x43A;&#x43E;&#x43D;&#x441;&#x442;&#x440;&#x443;&#x43A;&#x442;&#x43E;&#x440;"</subfield>
    <subfield code="t">&#x41C;&#x43E;&#x440;&#x441;&#x43A;&#x430;&#x44F; &#x43A;&#x43E;&#x43B;&#x43B;&#x435;&#x43A;&#x446;&#x438;&#x44F;</subfield>
    <subfield code="v">2022, &#x2116; 5 (271)</subfield>
  </datafield>
  <datafield tag="606" ind1="1" ind2=" ">
    <subfield code="a">&#x42D;&#x441;&#x43A;&#x430;&#x434;&#x440;&#x435;&#x43D;&#x43D;&#x44B;&#x435; &#x43C;&#x438;&#x43D;&#x43E;&#x43D;&#x43E;&#x441;&#x446;&#x44B;</subfield>
    <subfield code="x">&#x418;&#x441;&#x442;&#x43E;&#x440;&#x438;&#x44F;</subfield>
    <subfield code="y">&#x418;&#x442;&#x430;&#x43B;&#x438;&#x44F;</subfield>
    <subfield code="9">2608671</subfield>
    <subfield code="3">RU\NLR\AUTH\661545229</subfield>
  </datafield>
  <datafield tag="686" ind1="1" ind2=" ">
    <subfield code="a">&#x426;661.12&#x433;(4&#x418;&#x442;)</subfield>
  </datafield>
  <datafield tag="700" ind1=" " ind2="1">
    <subfield code="a">&#x41F;&#x430;&#x442;&#x44F;&#x43D;&#x438;&#x43D;</subfield>
    <subfield code="b">&#x421;. &#x412;.</subfield>
    <subfield code="c">&#x43A;&#x430;&#x43D;&#x434;. &#x438;&#x441;&#x442;. &#x43D;&#x430;&#x443;&#x43A;, &#x440;&#x430;&#x434;&#x438;&#x43E;&#x444;&#x438;&#x437;&#x438;&#x43A;</subfield>
    <subfield code="f">1973-</subfield>
    <subfield code="g">&#x421;&#x435;&#x440;&#x433;&#x435;&#x439; &#x412;&#x43B;&#x430;&#x434;&#x438;&#x43C;&#x438;&#x440;&#x43E;&#x432;&#x438;&#x447;</subfield>
    <subfield code="9">168596</subfield>
    <subfield code="3">RU\NLR\AUTH\770168645</subfield>
  </datafield>
  <datafield tag="852" ind1=" " ind2=" ">
    <subfield code="a">NLR</subfield>
    <subfield code="j">&#x41F;11/3767</subfield>
  </datafield>
  <datafield tag="942" ind1=" " ind2=" ">
    <subfield code="c">ISSUE</subfield>
  </datafield>
  <datafield tag="980" ind1=" " ind2=" ">
    <subfield code="a">NB</subfield>
  </datafield>
  <datafield tag="980" ind1=" " ind2=" ">
    <subfield code="a">RUSPER</subfield>
  </datafield>
</record>
